=LDR 00000nam 2200000 4500 =001 NUTBA000000000005240 =005 20141027092139.0 =006 =007 =008 =035 ##$$a 0010-101400000000470 =040 ##$$a NBPDMAT =082 ##$$a 551.22 =090 ##$$a 551.22 $b Pur a =100 ##$$a Purwanto =245 ##$$a Awas gempa / $c Purwanto =260 ##$$a Jakarta : $b Pustaka Utama Grafiti, $c 2007 =300 ##$$a 56 hlm. : $b ilus. ; $c 20 cm. =500 ##$$a Bibliografi : hlm. 55 =650 ##$$a Gempa Bumi =850 ##$$a NBPDMAT